00720nam a2200253Ia 4500008004100000020001800041050001400059100001800073245002700091245002100118260002500139260001600164260000900180300001600189300002800205300001000233500001000243650003000253650002300283650001600306700001100322999001900333952011400352190123s9999 xx 000 0 und d a9780545398152 bP332 2010 aPaulsen, Gary 0aMasters of disasters / 0cby Gary Paulsen. aNew York, New York : bScholastic, c2010 a102 pages : bcolored illustrations ; c19cm. a1100L aAdventure and adventures. aAdventure stories. aFriendship. aTitle. c361241d361241 001040aSSISMbSSISMcSSISMd2019-01-23l0oGS FIC P332 2010pSSISM6398r2019-01-23 00:00:00w2019-01-23yBK